Der isenheimer altar

Shranjeno v:
Bibliografske podrobnosti
Glavni avtor: Bauch, Kurt (Author)
Format: Knjiga
Jezik:nemščina
Izdano: Friburgo de Brisgovia Karl Robert Langewische. Konigsteinim Taunus 1900
Serija:Langewiefche Bücherei
Teme:
Oznake: Označite
Brez oznak, prvi označite!

MARC

LEADER 00000nam a2200000 a 4500
001 UCZ4118
003 CL-VaPUC
008 951106e19000000GW |||||||||||||||||ger|d
082 0 4 |a 708.43  |b BAU  |2 21 
100 0 |a Bauch, Kurt  |e author  |9 348052 
245 1 4 |a Der isenheimer altar 
300 |a 31 p 
942 |c BK 
945 |d 19951106 00:00:00  |a rleighto 
260 |a Friburgo de Brisgovia  |b Karl Robert Langewische. Konigsteinim Taunus  |c 1900 
650 0 |a Bellas artes  |9 334299 
650 0 |a Pintura  |9 265046 
650 0 |a Obras de arte  |9 337253 
650 0 |a Iglesia   |9 255004 
650 0 |a Artistas   |9 262026 
650 0 |a Arte visual   |9 347964 
583 |a last modification  |c 19951106 00:00:00  |k Rodrigo Vera 
490 0 |a Langewiefche Bücherei 
999 |c 240537  |d 240535 
952 |0 0  |1 0  |4 0  |6 708_430000000000000_BAU_1900  |7 0  |8 A  |9 252462  |a BIBART  |b BIBART  |d 2019-11-18  |i 3142922  |o 708.43 BAU 1900  |p 3142922  |r 2025-03-13  |w 2019-11-18  |y BK  |k ART